| Tag |
First Indicator |
Second Indicator |
Subfields |
| LEADER |
00000cam a2200000 4500 |
| 001 |
in00000035615 |
| 005 |
20151007062049.0 |
| 008 |
720711s1965 ctua b 00000 eng |
| 010 |
|
|
|a 65011173
|
| 035 |
|
|
|a (OCoLC)00352330
|
| 035 |
|
|
|9 AAD3866AM
|
| 040 |
|
|
|a DLC
|c WSU
|d OCL
|d TXA
|d UtOrBLW
|
| 049 |
|
|
|a TXAM
|c [452283]
|
| 050 |
0 |
0 |
|a PR2619
|b .A1 1965
|
| 082 |
0 |
|
|a 822.3
|
| 092 |
|
|
|a 822
|b J81s
|
| 100 |
1 |
|
|a Jonson, Ben,
|d 1573?-1637.
|
| 245 |
1 |
0 |
|a Sejanus /
|c Edited by Jonas A. Barish.
|
| 264 |
|
1 |
|a New Haven :
|b Yale University Press,
|c 1965.
|
| 300 |
|
|
|a ix, 210 pages :
|b illustrations ;
|c 21 cm.
|
| 336 |
|
|
|a text
|b txt
|2 rdacontent
|
| 337 |
|
|
|a unmediated
|b n
|2 rdamedia
|
| 338 |
|
|
|a volume
|b nc
|2 rdacarrier
|
| 490 |
1 |
|
|a The Yale Ben Jonson
|
| 504 |
|
|
|a Bibliography: pages 209-210.
|
| 700 |
1 |
|
|a Barish, Jonas A.
|
| 830 |
|
0 |
|a Yale Ben Jonson.
|
| 999 |
|
|
|a MARS
|
| 999 |
f |
f |
|s d7616251-b90b-3a39-a2e6-44beecfa76c4
|i be71c967-5bf9-3e9e-a387-5d42afc9cfee
|t 0
|
| 952 |
f |
f |
|p normal
|a Texas A&M University
|b College Station
|c Sterling C. Evans Library
|d Evans: Library Stacks
|t 0
|e PR2619 .A1 1965
|h Library of Congress classification
|i unmediated -- volume
|m A14801297940
|
| 998 |
f |
f |
|a PR2619 .A1 1965
|t 0
|l Evans: Library Stacks
|